The Muslim conquest of Persia / (Record no. 186948)
[ view plain ]
| 000 -LEADER | |
|---|---|
| fixed length control field | 01169 a2200169 4500 |
| 003 - CONTROL NUMBER IDENTIFIER | |
| control field | Nust |
| 005 - DATE AND TIME OF LATEST TRANSACTION | |
| control field | 20230201150432.0 |
| 040 ## - CATALOGING SOURCE | |
| Transcribing agency | Nust |
| 082 ## - DEWEY DECIMAL CLASSIFICATION NUMBER | |
| Classification number | 935.05,AKR |
| 100 ## - MAIN ENTRY--PERSONAL NAME | |
| Personal name | Lt. Gen. A. I. Akram |
| 9 (RLIN) | 56272 |
| 245 ## - TITLE STATEMENT | |
| Title | The Muslim conquest of Persia / |
| Statement of responsibility, etc. | Lt. Gen. A. I. Akram |
| 260 ## - PUBLICATION, DISTRIBUTION, ETC. | |
| Place of publication, distribution, etc. | Lahore |
| Name of publisher, distributor, etc. | Army education press |
| Date of publication, distribution, etc. | 2001 |
| 300 ## - PHYSICAL DESCRIPTION | |
| Extent | 333 p. |
| 505 ## - FORMATTED CONTENTS NOTE | |
| Formatted contents note | The Name Of Allah (Page-1), The Change Of Commend (Page-15), The Victories And Defeat (Page-22), The Battle Of Buweib (Page-41), Umer And Sad (Page-53), Yazdjurd And Rustam (Page-68), The Eve Of Qadisiyya (Page-84), The Day Of Disorder (Page-109), The Day Of Succor (Page-121), The Day Of Hardship (Page-134), The Night Of Qadisiyya (Page-145), On To Ctesiphon (Page-159), The Conquest Of Ctesiphon (Page-172), The Battle Of Jalaula (Page-185), The Consolidation Of Iraq (Page-208), The Conquest Of Ahwaz (Page-220), The Con1uest Of Tustar (Page-233), The Rest Of Khuzistan (Page-244), The Persians March Again (Page-253), The Battle Of Nihawand (Page-265), The Fall Of Persia (Page-289), The Last Of The Sasanis (Page-301). |
| 650 ## - SUBJECT ADDED ENTRY--TOPICAL TERM | |
| Topical term or geographic name entry element | The Muslim conquest--Persia |
| 9 (RLIN) | 108426 |
| 942 ## - ADDED ENTRY ELEMENTS (KOHA) | |
| Source of classification or shelving scheme | |
| Koha item type | Book |
| Call number suffix | 935.05,AKR |
| Withdrawn status | Lost status | Source of classification or shelving scheme | Damaged status | Not for loan | Permanent Location | Current Location | Shelving location | Date acquired | Full call number | Barcode | Date last seen | Price effective from | Koha item type | Public note | Total Checkouts | Checked out | Date last checked out |
|---|---|---|---|---|---|---|---|---|---|---|---|---|---|---|---|---|---|
| Military College of Signals (MCS) | Military College of Signals (MCS) | General Stacks | 12/12/2016 | 935.05,AKR | MCS28376 | 12/08/2016 | 12/12/2016 | Book | Almirah No.75, Shelf No.5 | ||||||||
| Military College of Signals (MCS) | Military College of Signals (MCS) | General Stacks | 12/12/2016 | 935.05,AKR | MCS28377 | 12/08/2016 | 12/12/2016 | Book | Almirah No.75, Shelf No.5 | ||||||||
| Military College of Signals (MCS) | Military College of Signals (MCS) | General Stacks | 12/12/2016 | 935.05,AKR | MCS28378 | 12/08/2016 | 12/12/2016 | Book | Almirah No. 59, Shelf No. 6 | ||||||||
| Military College of Signals (MCS) | Military College of Signals (MCS) | General Stacks | 02/01/2023 | 935.05,AKR | MCS28380 | 02/01/2023 | 02/01/2023 | Book | Almirah No. 59, Shelf No. 6 | ||||||||
| Military College of Signals (MCS) | Military College of Signals (MCS) | General Stacks | 02/01/2023 | 935.05,AKR | MCS29624 | 11/05/2025 | 02/01/2023 | Book | Almirah No. 59, Shelf No. 6 | 1 | 12/05/2025 | 11/05/2025 |
